| 000 | 00391nam a2200157Ia 4500 | ||
|---|---|---|---|
| 999 |
_c10786 _d10786 |
||
| 008 | 191201s2011 xx 000 0 und d | ||
| 082 |
_a658.15 _bSRM |
||
| 100 | _aSRIVASTAVA, R.M. | ||
| 245 | 0 | _aManagement of Indian Financial Institutions | |
| 250 | _a9th | ||
| 260 |
_aNew Delhi _bHimalaya Pub. _c2021 |
||
| 300 | _a704 | ||
| 650 | _aB Com | ||
| 700 | _aNIGAM, Divya | ||
| 942 |
_2ddc _cBK |
||